Statistics for Famous Relatives #1

Click here to take the quiz!

General Stats

  • This quiz has been taken 50 times
  • The average score is 6 of 10

Answer Stats

HintAnswer% Correct
John F., RobertKennedy
98%
Michael, JanetJackson
96%
Teddy, EleanorRoosevelt
92%
Stephen, AlecBaldwin
88%
Victoria, DavidBeckham
88%
Charlie, MartinSheen
86%
Kim, RobKardashian
61%
Bret, StuHart
6%
Jack L., HarryWarner
2%
Eddie, ChavoGuerrero
0%

Score Distribution

Percentile by Number Answered

Percent of People with Each Score

Your Score History

You have not taken this quiz